Culturally Responsive and Sustaining Science Teaching (Record no. 81086)

MARC details
000 -LEADER
fixed length control field 03483namaa2200433uu 4500
001 - CONTROL NUMBER
control field doab136122
003 - CONTROL NUMBER IDENTIFIER
control field oapen
005 - DATE AND TIME OF LATEST TRANSACTION
control field 20260218110436.0
006 - FIXED-LENGTH DATA ELEMENTS--ADDITIONAL MATERIAL CHARACTERISTICS
fixed length control field m o d
007 - PHYSICAL DESCRIPTION FIXED FIELD--GENERAL INFORMATION
fixed length control field cr|mn|---annan
008 - FIXED-LENGTH DATA ELEMENTS--GENERAL INFORMATION
fixed length control field 240405s2024 xx |||||o ||| 0|eng d
020 ## - INTERNATIONAL STANDARD BOOK NUMBER
International Standard Book Number 9781003397977
020 ## - INTERNATIONAL STANDARD BOOK NUMBER
International Standard Book Number 9781003397977
020 ## - INTERNATIONAL STANDARD BOOK NUMBER
International Standard Book Number 9781032473208
020 ## - INTERNATIONAL STANDARD BOOK NUMBER
International Standard Book Number 9781032503264
020 ## - INTERNATIONAL STANDARD BOOK NUMBER
International Standard Book Number 9781040012864
024 7# - OTHER STANDARD IDENTIFIER
Standard number or code 10.4324/9781003397977
Source of number or code doi
040 ## - CATALOGING SOURCE
Original cataloging agency oapen
Transcribing agency oapen
Modifying agency
041 0# - LANGUAGE CODE
Language code of text/sound track or separate title eng
042 ## - AUTHENTICATION CODE
Authentication code dc
245 00 - TITLE STATEMENT
Title Culturally Responsive and Sustaining Science Teaching
Remainder of title Teacher Research and Investigation from Today's Classrooms
260 ## - PUBLICATION, DISTRIBUTION, ETC.
Name of publisher, distributor, etc. Taylor & Francis
Date of publication, distribution, etc. 2024
300 ## - PHYSICAL DESCRIPTION
Extent 1 online resource (299 p.)
336 ## - CONTENT TYPE
Content type term text
Content type code txt
Source rdacontent
337 ## - MEDIA TYPE
Media type term computer
Media type code c
Source rdamedia
338 ## - CARRIER TYPE
Carrier type term online resource
Carrier type code cr
Source rdacarrier
506 0# - RESTRICTIONS ON ACCESS NOTE
Standardized terminology for access restriction Unrestricted online access
Source of term star
520 ## - SUMMARY, ETC.
Summary, etc. How can research into culturally responsive and sustaining education (CRSE) inform and transform science teaching and learning? What approaches might teachers use to study CRSE in their classrooms? What are teachers learning from their research that might be transferable to other classrooms and schools? In this practical resource, teacher researchers from the Culturally Responsive and Sustaining Education Professional Learning Group based in New York City provide insights for educators on how to address complex educational and sociocultural issues in the science classroom. Highlighting wide-ranging and complex problems such as the COVID-19 pandemic and racial injustice and how they affect individual science instruction settings, with a particular focus on urban and high-need school environments, chapters examine and describe what CRSE is and means for science teaching. Through individual and collaborative research studies, chapters help readers understand various approaches to developing and implementing CRSE strategies in their classrooms and promote students' identification with and affinity for science. Teachers describe the questions driving their investigations, data, and findings, and reflect on their roles as agents of change. Chapters also feature discussion and reflection questions, and include examples of assignments, protocols, and student work that teachers have piloted in their classes. This book is ideal for pre-service and in-service science teachers and teacher educators across grade levels. It provides support for professional learning activities, as well as undergraduate and graduate teacher education courses. It may be particularly useful in science methods, multicultural education; and diversity, equity, and inclusion courses with a focus on CRSE. This book not only defines one group's approach to CRSE in science education, but also takes the next step to show how CRSE can be applied directly to the science classroom.
536 ## - FUNDING INFORMATION NOTE
Text of note American Museum of Natural History
540 ## - TERMS GOVERNING USE AND REPRODUCTION NOTE
Terms governing use and reproduction Creative Commons
-- https://creativecommons.org/licenses/by-nc-nd/4.0/
-- cc
Uniform Resource Identifier <a href="https://creativecommons.org/licenses/by-nc-nd/4.0/">https://creativecommons.org/licenses/by-nc-nd/4.0/</a>
546 ## - LANGUAGE NOTE
Language note English
720 1# - ADDED ENTRY--UNCONTROLLED NAME
Name Howes, Elaine
Relator code edt
720 1# - ADDED ENTRY--UNCONTROLLED NAME
Name Howes, Elaine
Relator code oth
720 1# - ADDED ENTRY--UNCONTROLLED NAME
Name Wallace, Jamie
Relator code edt
720 1# - ADDED ENTRY--UNCONTROLLED NAME
Name Wallace, Jamie
Relator code oth
793 0# -
-- DOAB Library.
856 ## - ELECTRONIC LOCATION AND ACCESS
Uniform Resource Identifier <a href="https://docs.google.com/spreadsheets/d/1yKIrdCPDAG_9c22mwoOIO2DOhtj65Wqa/edit?usp=sharing&ouid=106555315294820607512&rtpof=true&sd=true ">https://docs.google.com/spreadsheets/d/1yKIrdCPDAG_9c22mwoOIO2DOhtj65Wqa/edit?usp=sharing&ouid=106555315294820607512&rtpof=true&sd=true </a>
Link text List of Curated E-Books
942 ## - ADDED ENTRY ELEMENTS (KOHA)
Koha item type E-Book
Holdings
Withdrawn status Damaged status Not for loan Home library Current library Date acquired Total Checkouts Date last seen Price effective from Koha item type
      Directory of Open Access Books Directory of Open Access Books 12/09/2024   12/09/2024 12/09/2024 E-Book

University of Rizal System
Email us at univlibservices@urs.edu.ph

Visit our Website www.urs.edu.ph/library